000 00571nam a2200193Ia 4500
003 GCL
008 140319s9999 xx 000 0 ara d
040 _aGCL /
_cGCL
082 0 4 _a210.4
_bم ق
100 1 _aمحمود شلتوت
245 1 0 _aالقران والمرأة /
_cمحمود شلتوت
700 1 _aمحمود ابراهيم حسين
260 _a[S.N] :
_bدار المعرفة الجامعية ،
_c1993
300 _a82 ص
490 _a
650 0 4 _aالمرأة المسلمة
650 0 4 _aالمرأة فى الاسلام
942 _2ddc
_cBK
999 _c55056
_d55056